书目信息 |
| 题名: |
工业经济科学发展研究
|
|
| 作者: | 彭致圭 著 | |
| 分册: | ||
| 出版信息: | 北京 人民出版社 2010 |
|
| 页数: | 390页 | |
| 开本: | 23cm | |
| 丛书名: | ||
| 单 册: | ||
| 中图分类: | F424-53 | |
| 科图分类: | ||
| 主题词: | 工业经济--经济发展--中国--文集 , 工业经济 , 经济发展 | |
| 电子资源: | ||
| ISBN: | 978-7-01-008586-9 | |
| 000 | 00912nam0 2200253 450 | |
| 001 | 523 | |
| 005 | 20140909094353.85 | |
| 010 | @a978-7-01-008586-9@dCNY45.00 | |
| 100 | @a20100329d2010 em y0chiy50 ea | |
| 101 | 0 | @achi |
| 102 | @aCN@b110000 | |
| 105 | @ay z 000yy | |
| 106 | @ar | |
| 200 | 1 | @a工业经济科学发展研究@AGong Ye Jing Ji Ke Xue Fa Zhan Yan Jiu@f彭致圭著@FPeng Zhi Gui Zhu |
| 210 | @a北京@c人民出版社@d2010 | |
| 215 | @a390页@d23cm | |
| 330 | @a本书分为:宏观经济、技术经济管理、企业改革与发展、科学发展及新型工业化道路、发展煤基醇醚燃料五部分,收录了《积极构建有中国特色的“均稀经济”》、《煤化工的春天到了》、《关于企业内部改革的探讨》等文章。 | |
| 606 | 0 | @a工业经济@x经济发展@y中国@j文集 |
| 606 | 0 | @a工业经济 |
| 606 | 0 | @a经济发展 |
| 690 | @aF424-53@v5 | |
| 701 | 0 | @a彭致圭@APeng Zhi Gui@f(1939.12~)@4著 |
| 801 | 0 | @aCN@bTANGWEI@c20140603 |
| 905 | @b0840869-71@dF424-53@e123@f3 | |
| 工业经济科学发展研究/彭致圭著.-北京:人民出版社,2010 |
| 390页;23cm |
| ISBN 978-7-01-008586-9:CNY45.00 |
| 本书分为:宏观经济、技术经济管理、企业改革与发展、科学发展及新型工业化道路、发展煤基醇醚燃料五部分,收录了《积极构建有中国特色的“均稀经济”》、《煤化工的春天到了》、《关于企业内部改革的探讨》等文章。 |
| ● |
| 相关链接 |
|
|
|
|
正题名:工业经济科学发展研究
索取号:F424-53/123
 
预约/预借
| 序号 | 登录号 | 条形码 | 馆藏地/架位号 | 状态 | 备注 |
| 1 | 0840869 | 208408695 | 经管系资料室/ [索取号:F424-53/123] | 在馆 | |
| 2 | 0840870 | 208408702 | 第一借阅区/ [索取号:F424-53/123] | 在馆 | |
| 3 | 0840871 | 208408711 | 第一样本阅览室/ [索取号:F424-53/123] | 在馆 |